| 000 | 00837nam a22002297a 4500 | ||
|---|---|---|---|
| 001 | 37942 | ||
| 003 | BD-RjUL | ||
| 005 | 20211209052707.0 | ||
| 008 | 150816s1967 bg ||||| |||| 00| 0 ben d | ||
| 035 | _a(BD-RjUL) | ||
| 040 |
_aBD-RjUL _bben _cBD-RjUL |
||
| 041 | _aben | ||
| 082 |
_a891.4409 _bSEB 1967 |
||
| 100 |
_aসেন, সুকুমার _9117517 |
||
| 245 |
_aবাঙ্গালা সাহিত্যে গদ্য / _cসুকুমার সেন |
||
| 250 | _aচতুর্থ সং. | ||
| 260 |
_aকলিকাতা : _bইস্টার্ণ পাবলিশার্স, _c১৯৬৭ |
||
| 300 |
_a২২৩ পৃ. ; _c২২ সেমি. |
||
| 504 | _aIncludes bibliographical references and index. | ||
| 650 |
_aBengali literature _xHistory and criticism. _9117020 |
||
| 942 |
_2ddc _cBK _01 |
||
| 999 |
_c37942 _d37942 |
||